[Event "Skopje MKD"]
[Site "Skopje MKD"]
[Date "2014.03.29"]
[Round "1.58"]
[White "Smirnov, Artem"]
[Black "Montolio Benedicto, Cesar"]
[Result "1-0"]
[WhiteElo "2445"]
[BlackElo "1950"]
[PlyCount "35"]
[EventDate "2014.03.29"]
[EventType "swiss"]
[EventRounds "9"]

1. d4 Nf6 2. Bg5 e6 3. e4 Be7 4. Nd2 h6 5. Be3 d5 6. e5 Nfd7 7. f4 c5 8. c3
cxd4 9. cxd4 Nc6 10. Ngf3 Qa5 11. a3 b5 12. Bd3 a6 13. O-O Bb7 14. f5 Qd8 15.
fxe6 fxe6 16. Bg6+ Kf8 17. Ng5+ Kg8 18. Bf7+ 1-0

[Event "Skopje MKD"]
[Site "Skopje MKD"]
[Date "2014.03.29"]
[Round "1.59"]
[White "Jakovljevic, Dejan"]
[Black "Sanal, Vahap"]
[Result "0-1"]
[WhiteElo "1948"]
[BlackElo "2442"]
[PlyCount "66"]
[EventDate "2014.03.29"]
[EventType "swiss"]
[EventRounds "9"]

1. e4 e5 2. d4 exd4 3. Qxd4 Nc6 4. Qe3 Nf6 5. Nc3 Bb4 6. Bd2 O-O 7. O-O-O Re8
8. f3 d5 9. Qg5 dxe4 10. Nxe4 Nxe4 11. Qxd8 Nxd8 12. fxe4 Bxd2+ 13. Rxd2 Bg4
14. Bd3 Ne6 15. Nf3 Re7 16. h3 Bxf3 17. gxf3 g6 18. h4 Nf4 19. Rhd1 Kg7 20. Bc4
Rae8 21. a3 Re5 22. b3 R8e7 23. Bd5 c6 24. Bc4 b5 25. Bf1 Rh5 26. Rd6 Rc7 27.
a4 a6 28. Rd7 Rxd7 29. Rxd7 Rxh4 30. Kd2 Rh1 31. Bd3 h5 32. axb5 axb5 33. e5 h4
0-1

[Event "Skopje MKD"]
[Site "Skopje MKD"]
[Date "2014.03.29"]
[Round "1.60"]
[White "Abramovic, Bosko"]
[Black "Taylor, Robert Graham"]
[Result "1-0"]
[WhiteElo "2437"]
[BlackElo "1945"]
[PlyCount "58"]
[EventDate "2014.03.29"]
[EventType "swiss"]
[EventRounds "9"]

1. Nf3 Nf6 2. c4 c6 3. d4 d5 4. cxd5 cxd5 5. Nc3 Nc6 6. Bf4 Bf5 7. e3 a6 8. Bd3
Bxd3 9. Qxd3 e6 10. O-O Be7 11. Rfc1 O-O 12. Bg5 Rc8 13. Nd2 Qd7 14. Nb3 e5 15.
Bxf6 e4 16. Qe2 gxf6 17. Na4 Qf5 18. a3 Kh8 19. Nac5 Rg8 20. Nxb7 Qh3 21. g3 f5
22. N7a5 Nxa5 23. Nxa5 f4 24. exf4 Bf6 25. Rxc8 Rxc8 26. Rd1 h5 27. Nb7 h4 28.
Qh5+ Kg8 29. Nd6 Rc7 {.........} 1-0

[Event "Skopje MKD"]
[Site "Skopje MKD"]
[Date "2014.03.29"]
[Round "1.61"]
[White "Becking, Franz Josef"]
[Black "Stojanovski, Dejan"]
[Result "0-1"]
[WhiteElo "1943"]
[BlackElo "2436"]
[PlyCount "112"]
[EventDate "2014.03.29"]
[EventType "swiss"]
[EventRounds "9"]

1. d4 Nf6 2. Nf3 g6 3. Nc3 d5 4. Bf4 c6 5. h3 Bg7 6. e3 O-O 7. Bd3 Nbd7 8. Ne5
Qb6 9. Rb1 c5 10. Bb5 cxd4 11. exd4 Nxe5 12. Bxe5 Ne4 13. Bxg7 Kxg7 14. O-O
Nxc3 15. bxc3 a6 16. Be2 Qc7 17. Bf3 e6 18. Qd2 Bd7 19. Rfe1 Rac8 20. Qe3 Bb5
21. Be2 Bxe2 22. Rxe2 b5 23. Rb3 Qd6 24. Qe5+ Qxe5 25. Rxe5 Rc4 26. Re3 Rfc8
27. Ra3 R8c6 28. Kf1 Kf6 29. Rf3+ Ke7 30. Rb3 f6 31. Re3 Kd7 32. Ke1 Ra4 33. a3
Rc8 34. Kd2 Re8 35. f4 Kd6 36. Kc1 e5 37. Kb2 Re6 38. fxe5+ fxe5 39. dxe5+ Rxe5
40. Rf3 Rf5 41. Rg3 Re4 42. Rb4 Kc5 43. Rxe4 dxe4 44. Kc1 Kd5 45. Kd1 Rf2 46.
Rg5+ Ke6 47. h4 e3 48. Rg3 Rd2+ 49. Kc1 Kf5 50. Rxe3 Rxg2 51. Re7 h5 52. Ra7
Rg4 53. Rxa6 Rxh4 54. Ra5 Re4 55. c4 Rxc4 56. Kd2 Kg4 0-1

[Event "Skopje MKD"]
[Site "Skopje MKD"]
[Date "2014.03.29"]
[Round "1.62"]
[White "Arsovic, Goran"]
[Black "Gjergji, Rozana"]
[Result "1-0"]
[WhiteElo "2434"]
[BlackElo "1940"]
[PlyCount "76"]
[EventDate "2014.03.29"]
[EventType "swiss"]
[EventRounds "9"]

1. d4 Nf6 2. Nf3 d5 3. c4 c6 4. e3 e6 5. Bd3 dxc4 6. Bxc4 b5 7. Bd3 a6 8. a4
Bb7 9. O-O Nbd7 10. Qe2 Nb6 11. Nc3 b4 12. Ne4 Nxe4 13. Bxe4 a5 14. Ne5 Nd5 15.
Bd2 Bd6 16. Bd3 Bxe5 17. dxe5 O-O 18. e4 Ne7 19. Be3 Ng6 20. f4 Qc8 21. Bc5 Rd8
22. Rad1 Rxd3 23. Qxd3 Ba6 24. Qg3 Bxf1 25. Rxf1 Qd8 26. f5 exf5 27. exf5 Qd5
28. Bd6 Qd4+ 29. Qf2 Nf4 30. Qxd4 Ne2+ 31. Kf2 Nxd4 32. Ke3 Nc2+ 33. Kd3 b3 34.
Kc3 Ne3 35. Rf3 Nxg2 36. Kxb3 Nh4 37. Rf4 Ng2 38. Re4 f6 1-0

[Event "Skopje MKD"]
[Site "Skopje MKD"]
[Date "2014.03.29"]
[Round "1.63"]
[White "Grigoriadis, Mihail"]
[Black "Tosic, Miroslav"]
[Result "0-1"]
[WhiteElo "1940"]
[BlackElo "2426"]
[PlyCount "46"]
[EventDate "2014.03.29"]
[EventType "swiss"]
[EventRounds "9"]

1. e4 c5 2. Nf3 e6 3. Nc3 a6 4. d4 cxd4 5. Nxd4 b5 6. Bd3 Qb6 7. Nb3 Qc7 8. Be3
Nf6 9. Qe2 Nc6 10. Nd5 exd5 11. exd5 Ne7 12. d6 Qxd6 13. O-O-O Bb7 14. Bxb5 Qe5
15. Bd3 Ned5 16. Qd2 Bb4 17. c3 Nxe3 18. Rhe1 O-O 19. Rxe3 Qc7 20. Rg3 g6 21.
Qh6 Bd6 22. Kb1 Bf4 23. Qh4 Qe5 0-1

[Event "Skopje MKD"]
[Site "Skopje MKD"]
[Date "2014.03.29"]
[Round "1.64"]
[White "Jacimovic, Dragoljub"]
[Black "Jorgensen, Line Jin"]
[Result "1-0"]
[WhiteElo "2422"]
[BlackElo "1923"]
[PlyCount "76"]
[EventDate "2014.03.29"]
[EventType "swiss"]
[EventRounds "9"]

1. d4 e6 2. c4 Nf6 3. Nc3 Bb4 4. e3 O-O 5. Nge2 b6 6. a3 Be7 7. d5 d6 8. Ng3 e5
9. Be2 a5 10. O-O Na6 11. b4 Bd7 12. Rb1 axb4 13. axb4 Ne8 14. f4 f5 15. Qb3
Kh8 16. Bb2 Nb8 17. Ra1 Rxa1 18. Rxa1 Nf6 19. Ra8 Qc8 20. Qa3 Kg8 21. Qa2 Kh8
22. Qa7 Qd8 23. Qb7 Kg8 24. Nd1 exf4 25. exf4 Ne4 26. Nxe4 fxe4 27. Ne3 Qc8 28.
Qxc8 Rxc8 29. b5 Kf7 30. Kf2 Bf6 31. Bxf6 Kxf6 32. h4 h6 33. h5 Ke7 34. Kg3 Kf6
35. Kh4 Rf8 36. g4 Ke7 37. Kg3 Kf6 38. Bd1 Rd8 1-0

[Event "Skopje MKD"]
[Site "Skopje MKD"]
[Date "2014.03.29"]
[Round "1.65"]
[White "Georgieva, Emilia"]
[Black "Dastan, Batuhan Muhammed"]
[Result "0-1"]
[WhiteElo "1921"]
[BlackElo "2416"]
[PlyCount "28"]
[EventDate "2014.03.29"]
[EventType "swiss"]
[EventRounds "9"]

1. d4 f5 2. e4 fxe4 3. Nc3 Nf6 4. Bg5 Nc6 5. Bxf6 exf6 6. Qd2 d5 7. O-O-O Bb4
8. f3 f5 9. g4 O-O 10. gxf5 Bxf5 11. Bg2 Bxc3 12. bxc3 Na5 13. fxe4 Nc4 14. Qe2
Qd6 0-1

[Event "Skopje MKD"]
[Site "Skopje MKD"]
[Date "2014.03.29"]
[Round "1.66"]
[White "Kanmazalp, Ogulcan"]
[Black "Serefidou, Despina"]
[Result "1-0"]
[WhiteElo "2416"]
[BlackElo "1916"]
[PlyCount "95"]
[EventDate "2014.03.29"]
[EventType "swiss"]
[EventRounds "9"]

1. e4 e5 2. Nf3 Nc6 3. d4 exd4 4. Nxd4 Nf6 5. Nxc6 bxc6 6. e5 Qe7 7. Qe2 Nd5 8.
c4 Nb6 9. b3 g6 10. Bb2 Bg7 11. Nd2 a5 12. Ne4 O-O 13. Nf6+ Kh8 14. O-O-O a4
15. h4 axb3 16. axb3 d6 17. f4 Nd7 18. Nxd7 Qxd7 19. h5 Qg4 20. Qxg4 Bxg4 21.
h6 Bxd1 22. hxg7+ Kxg7 23. Kxd1 Kg8 24. Kc2 d5 25. Be2 Rfd8 26. Rd1 Kf8 27. Bf3
Ke7 28. cxd5 cxd5 29. Rxd5 Rxd5 30. Bxd5 Ra5 31. Be4 Ke6 32. b4 Rb5 33. Bc3 h5
34. Kd3 Rb8 35. Kc4 Rd8 36. Bd4 Rd7 37. b5 Rd8 38. Kc5 Rd7 39. Bc6 Rd8 40. Be4
Rd7 41. Bc2 Rd5+ 42. Kc4 Rd7 43. Bc3 Rd8 44. Kc5 Ra8 45. Bb3+ Ke7 46. Kc6 Rb8
47. Bc4 Rd8 48. Kxc7 1-0

[Event "Skopje MKD"]
[Site "Skopje MKD"]
[Date "2014.03.29"]
[Round "1.67"]
[White "Angjelovski, Daniel"]
[Black "Kohlweyer, Bernd"]
[Result "0-1"]
[WhiteElo "1913"]
[BlackElo "2416"]
[PlyCount "92"]
[EventDate "2014.03.29"]
[EventType "swiss"]
[EventRounds "9"]

1. e4 c5 2. Nf3 d6 3. Bb5+ Nd7 4. d4 Ngf6 5. Nc3 cxd4 6. Qxd4 e5 7. Qd3 h6 8.
h3 Be7 9. Be3 a6 10. Bxd7+ Bxd7 11. O-O Rc8 12. a4 Be6 13. Rfe1 Qa5 14. Bd2 Qc7
15. a5 Qc6 16. Be3 Bc4 17. Qd2 Nxe4 18. Nxe4 Qxe4 19. Bxh6 Qg6 20. Bg5 f6 21.
Bh4 Bb5 22. c3 Bc6 23. Bg3 Bxf3 24. gxf3 Qf5 25. h4 Qxf3 26. Re3 Qc6 27. Rae1
Kf7 28. f4 Rh6 29. Qf2 Kg8 30. Qc2 d5 31. Kh2 e4 32. Qb3 f5 33. Kg2 Rd8 34. Rh1
Rg6 35. h5 Rg4 36. Kh3 Kf7 37. Rd1 Rd7 38. Re2 Qb5 39. Qxb5 axb5 40. b4 Bf6 41.
Rc2 Ke6 42. Rf1 Rc7 43. Be1 g6 44. Bf2 Rh7 45. Bg3 Rxh5+ 46. Kg2 Bh4 0-1

[Event "Skopje MKD"]
[Site "Skopje MKD"]
[Date "2014.03.29"]
[Round "1.69"]
[White "Atanasov, Sande"]
[Black "Roeder, Mathias"]
[Result "0-1"]
[WhiteElo "1897"]
[BlackElo "2416"]
[PlyCount "98"]
[EventDate "2014.03.29"]
[EventType "swiss"]
[EventRounds "9"]

1. e4 c5 2. Nc3 d6 3. Bc4 Nf6 4. d3 Nc6 5. a3 g6 6. Bg5 Bg7 7. Qd2 h6 8. Bh4 e6
9. Nf3 g5 10. Bg3 Nh5 11. O-O-O a6 12. Ne2 b5 13. Bb3 Bb7 14. h3 Nxg3 15. Nxg3
Qf6 16. c3 h5 17. Nf1 Bh6 18. Ne3 Rc8 19. Nh2 Ne5 20. g4 Bg7 21. gxh5 Rxh5 22.
Neg4 Qf4 23. Qxf4 gxf4 24. Nxe5 Bxe5 25. Ng4 Ke7 26. f3 Rch8 27. Nf2 Bf6 28. d4
cxd4 29. cxd4 Bh4 30. Nd3 Bg3 31. Rd2 Rxh3 32. Rxh3 Rxh3 33. Bd1 Rh1 34. Rc2
Kd7 35. Kd2 a5 36. Be2 Bc6 37. Rc1 Rh2 38. b4 axb4 39. Nxb4 Bxe4 40. Rf1 Bb7
41. Kd1 Kc7 42. Bxb5 Rb2 43. Bd3 Bf2 44. Bc2 Be3 45. d5 Bxd5 46. Nxd5+ exd5 47.
Rh1 d4 48. Rh7 d3 49. Rxf7+ Kb6 0-1

[Event "Skopje MKD"]
[Site "Skopje MKD"]
[Date "2014.03.29"]
[Round "1.70"]
[White "Drazic, Sinisa"]
[Black "Batkoski, Nenad"]
[Result "1-0"]
[WhiteElo "2415"]
[BlackElo "1897"]
[PlyCount "93"]
[EventDate "2014.03.29"]
[EventType "swiss"]
[EventRounds "9"]

1. e4 e6 2. b3 d5 3. Bb2 dxe4 4. Nc3 f5 5. f3 Bc5 6. Qe2 Bxg1 7. Rxg1 exf3 8.
gxf3 Kf7 9. Qe5 Nf6 10. Nb5 Na6 11. O-O-O Bd7 12. Bc4 g6 13. Rde1 Re8 14. Nd4
Qe7 15. Qf4 Qd6 16. Qh6 Qf8 17. Nxf5 Qxh6 18. Nxh6+ Ke7 19. Ba3+ Kd8 20. Nf7+
Kc8 21. Ng5 b5 22. Bxe6 Bxe6 23. Nxe6 Kd7 24. Ng5 Rxe1+ 25. Rxe1 b4 26. Bb2 Re8
27. Rxe8 Nxe8 28. Nxh7 Ke6 29. Kd1 Kf5 30. Ke2 Nc5 31. Bd4 Ne6 32. Bxa7 g5 33.
Be3 Kg6 34. Nxg5 Nxg5 35. Bc5 Ne6 36. Bxb4 Nd4+ 37. Kd3 Nxf3 38. Ke4 Ng5+ 39.
Kd5 Nf7 40. a4 Kf6 41. a5 Nd8 42. a6 c5 43. Kxc5 Nc7 44. a7 Ke7 45. Ba5 Nde6+
46. Kc6 Na8 47. c3 1-0

[Event "Skopje MKD"]
[Site "Skopje MKD"]
[Date "2014.03.29"]
[Round "1.72"]
[White "Karavade, Eesha"]
[Black "Tairi, Krenar"]
[Result "1-0"]
[WhiteElo "2408"]
[BlackElo "1886"]
[PlyCount "117"]
[EventDate "2014.03.29"]
[EventType "swiss"]
[EventRounds "9"]

1. d4 Nf6 2. c4 e6 3. Nc3 Bb4 4. Qc2 O-O 5. Nf3 c5 6. dxc5 Na6 7. g3 Nxc5 8.
Bg2 d5 9. O-O Qe7 10. cxd5 exd5 11. a3 Bxc3 12. Qxc3 Bf5 13. Nd4 Bg6 14. Bh3
Ne6 15. Nf5 Qc5 16. Qxc5 Nxc5 17. Be3 Bxf5 18. Bxf5 Ne6 19. Rac1 d4 20. Bd2
Rac8 21. Bb4 Rfe8 22. Rfd1 b6 23. Rxc8 Rxc8 24. Bxe6 fxe6 25. Rxd4 Nd5 26. Bd2
Rc2 27. e4 Nf6 28. Bc3 Re2 29. f3 Kf7 30. Rd2 Rxd2 31. Bxd2 Nd7 32. Kf2 h6 33.
h4 Ne5 34. Bc3 Nd7 35. Ke3 g5 36. hxg5 hxg5 37. Kd4 Kg6 38. Bb4 Kf7 39. Bd6 Kg7
40. Kc4 a6 41. Kd4 Kf7 42. a4 Kg7 43. e5 Kf7 44. b4 Kg6 45. Ke4 b5 46. a5 Kf7
47. f4 Kg6 48. g4 gxf4 49. Kxf4 Kh6 50. g5+ Kh5 51. Bc7 Nf8 52. Bb8 Ng6+ 53.
Ke4 Nf8 54. Bd6 Ng6 55. Kd4 Kxg5 56. Kc5 Kf5 57. Kb6 Nxe5 58. Bxe5 Kxe5 59.
Kxa6 1-0

[Event "Skopje MKD"]
[Site "Skopje MKD"]
[Date "2014.03.29"]
[Round "1.73"]
[White "Nikolovska, Dragana"]
[Black "Valsecchi, Alessio"]
[Result "0-1"]
[WhiteElo "1880"]
[BlackElo "2407"]
[PlyCount "62"]
[EventDate "2014.03.29"]
[EventType "swiss"]
[EventRounds "9"]

1. e4 c5 2. c3 Nf6 3. e5 Nd5 4. d4 cxd4 5. Nf3 e6 6. cxd4 Nc6 7. Bc4 Nb6 8. Bb5
d5 9. Nc3 Be7 10. O-O Bd7 11. a3 Rc8 12. Qe2 a6 13. Bd3 Na5 14. Nd2 O-O 15. Qh5
g6 16. Qg4 f5 17. Qg3 Rf7 18. Ne2 Nbc4 19. Nf4 Qb6 20. Bxc4 Nxc4 21. Nxc4 Rxc4
22. b3 Rc8 23. Bb2 Kh8 24. h4 Rg7 25. Rac1 Rcg8 26. Qf3 g5 27. hxg5 Bxg5 28. g3
Bxf4 29. Qxf4 Qxb3 30. Rb1 Rg4 31. Qe3 Rxg3+ 0-1

[Event "Skopje MKD"]
[Site "Skopje MKD"]
[Date "2014.03.29"]
[Round "1.74"]
[White "Cabrilo, Goran"]
[Black "Cvetkovski, Slobodan"]
[Result "1-0"]
[WhiteElo "2406"]
[BlackElo "1876"]
[PlyCount "169"]
[EventDate "2014.03.29"]
[EventType "swiss"]
[EventRounds "9"]

1. e4 e6 2. d3 d5 3. Qe2 c5 4. Nf3 Nc6 5. g3 dxe4 6. dxe4 Nd4 7. Nxd4 Qxd4 8.
Bg2 e5 9. Nc3 Nf6 10. Bg5 Be7 11. Bxf6 Bxf6 12. Nd5 O-O 13. c4 b5 14. Nc7 Rb8
15. Nxb5 Qd7 16. O-O Qb7 17. b3 Bd7 18. Nc3 Bc6 19. Rfd1 Rfd8 20. Nd5 Bxd5 21.
cxd5 Be7 22. Rac1 Bd6 23. Rc4 Qb5 24. Qc2 a5 25. Rc1 Rdc8 26. Bf1 Qb6 27. h4 h5
28. Qd2 Kh7 29. Qg5 g6 30. Bh3 Rd8 31. Qf6 Qc7 32. R1c3 Rb4 33. Rf3 Rf8 34.
Rfc3 Qd8 35. Qf3 Kg7 36. a3 Rb7 37. Qe3 Qe7 38. Bf1 Rfb8 39. Ra4 Qc7 40. Rac4
Qe7 41. Be2 Ra7 42. Bd1 Rab7 43. Kg2 Rb5 44. Ra4 Qb7 45. Qd2 Qb6 46. Rf3 Qd8
47. Rc3 Qd7 48. Rac4 Qd8 49. Re3 Qe7 50. Bc2 Qc7 51. Re1 Qe7 52. Rc1 Qd8 53.
Bd1 Qe7 54. Qc3 Kh7 55. Bc2 Kg8 56. Rb1 Kh7 57. Qd2 Qd8 58. Rh1 Qd7 59. Rc3 Qe7
60. Qd1 Kg7 61. Bd3 R5b6 62. a4 Rb4 63. Bc4 Qd7 64. Qe2 Rh8 65. Qe3 Qc7 66.
Rhc1 Rc8 67. R3c2 Qd7 68. Ba6 Rc7 69. Bb5 Qe7 70. Rc4 Rxc4 71. Rxc4 Ra7 72. Rc1
f6 73. Qf3 Rb7 74. g4 hxg4 75. Qxg4 Rb8 76. h5 g5 77. h6+ Kh8 78. Qf5 Rg8 79.
h7 Rg7 80. Rh1 Qf7 81. Rh6 Be7 82. Qc8+ Bf8 83. d6 Rxh7 84. d7 Rxh6 85. d8=Q
1-0

[Event "Skopje MKD"]
[Site "Skopje MKD"]
[Date "2014.03.29"]
[Round "1.75"]
[White "Vukelic, Zvonimir"]
[Black "Petrisor, Adrian Marian"]
[Result "0-1"]
[WhiteElo "1875"]
[BlackElo "2406"]
[PlyCount "116"]
[EventDate "2014.03.29"]
[EventType "swiss"]
[EventRounds "9"]

1. e4 c5 2. Nc3 e6 3. d3 Nc6 4. Be3 d5 5. exd5 exd5 6. d4 Nf6 7. h3 Qa5 8. Qd2
Be6 9. Bb5 Be7 10. Bxc6+ bxc6 11. Nge2 Rb8 12. Nd1 Qa6 13. f3 cxd4 14. Bxd4 c5
15. Be5 Rd8 16. O-O O-O 17. c3 Nd7 18. Bc7 Rc8 19. Bg3 Nb6 20. b3 Rcd8 21. Be5
Rfe8 22. Nf2 Bf8 23. Bh2 Bxh3 24. Nf4 Bf5 25. Rae1 Qb7 26. g4 Bd7 27. Nh5 Bb5
28. Rxe8 Rxe8 29. Re1 Rxe1+ 30. Qxe1 Qe7 31. Qxe7 Bxe7 32. Bb8 a6 33. Nf4 Bc6
34. Bc7 Nd7 35. Kg2 Bf6 36. c4 dxc4 37. bxc4 Be5 38. Bxe5 Nxe5 39. N4d3 Bxf3+
40. Kg3 Nxd3 41. Nxd3 Be2 42. Nb2 f6 43. Kf4 Kf7 44. g5 fxg5+ 45. Kxg5 Ke6 46.
Kf4 Kd6 47. Kg3 g5 48. Kf2 Bg4 49. a3 h5 50. Ke3 h4 51. Nd3 Be6 52. Nf2 g4 53.
Kf4 g3 54. Ne4+ Kc6 55. Ng5 Bxc4 56. Kg4 g2 57. Nh3 Be6+ 58. Kxh4 Bxh3 0-1

[Event "Skopje MKD"]
[Site "Skopje MKD"]
[Date "2014.03.29"]
[Round "1.76"]
[White "Westerberg, Jonathan"]
[Black "Ajrula, Adnan"]
[Result "1-0"]
[WhiteElo "2402"]
[BlackElo "1872"]
[PlyCount "82"]
[EventDate "2014.03.29"]
[EventType "swiss"]
[EventRounds "9"]

1. e4 d5 2. exd5 Qxd5 3. Nf3 Bg4 4. Be2 c6 5. d4 e6 6. O-O Nf6 7. h3 Bh5 8. c4
Qd8 9. Nc3 Be7 10. Re1 O-O 11. g4 Bg6 12. Ne5 Nbd7 13. Nxg6 hxg6 14. Bf4 Nb6
15. Bf1 Qd7 16. Be5 c5 17. dxc5 Bxc5 18. Qf3 Qe7 19. Rad1 Rad8 20. b3 Nbd7 21.
Bc7 Rc8 22. Bg3 Bb4 23. Re3 Rc6 24. Nd5 Nxd5 25. cxd5 Rc2 26. d6 Qd8 27. Qe4
Rxa2 28. Qxb4 b6 29. Rc3 e5 30. Rc7 f6 31. Qb5 Nb8 32. Qc4+ Kh7 33. d7 b5 34.
Qc3 Qe7 35. d8=Q Qxd8 36. Rxd8 Rxd8 37. Rc8 Rd1 38. Rxb8 Raa1 39. Qc8 Rxf1+ 40.
Kg2 Rg1+ 41. Kf3 e4+ 1-0

[Event "Skopje MKD"]
[Site "Skopje MKD"]
[Date "2014.03.29"]
[Round "1.78"]
[White "Zlatanovic, Boroljub"]
[Black "Injac, Teodora"]
[Result "1/2-1/2"]
[WhiteElo "2398"]
[BlackElo "1871"]
[PlyCount "97"]
[EventDate "2014.03.29"]
[EventType "swiss"]
[EventRounds "9"]

1. Nc3 d5 2. e4 dxe4 3. Nxe4 e6 4. d4 Nf6 5. Nxf6+ Qxf6 6. Nf3 h6 7. Bd3 c5 8.
Be3 Nc6 9. c3 cxd4 10. Nxd4 Bc5 11. Bb5 O-O 12. Bxc6 bxc6 13. O-O e5 14. Nb3
Bxe3 15. fxe3 Qg5 16. Qf3 Rb8 17. Rf2 Bg4 18. Qg3 Rb5 19. Nd2 Rfb8 20. b4 Be6
21. Qxg5 hxg5 22. Ne4 f6 23. Nc5 Kf7 24. Rd2 Ke7 25. e4 Re8 26. Nxe6 Kxe6 27.
Rad1 Kf7 28. Rd7+ Re7 29. R1d6 a5 30. a3 axb4 31. cxb4 Rb6 32. Rxe7+ Kxe7 33.
Rd3 g6 34. g4 Ke6 35. Kf2 f5 36. exf5+ gxf5 37. gxf5+ Kxf5 38. Ke3 Ra6 39. Rc3
Rb6 40. Rc2 Ra6 41. Ra2 Ra4 42. Ra1 e4 43. Kd4 Kf4 44. Rf1+ Kg4 45. Re1 Rxa3
46. Rxe4+ Kh3 47. Re2 Rb3 48. Kc5 Rb1 49. Rc2 1/2-1/2

[Event "Skopje MKD"]
[Site "Skopje MKD"]
[Date "2014.03.29"]
[Round "1.79"]
[White "Golubovic, Tomislav"]
[Black "Dancevski, Orce"]
[Result "0-1"]
[WhiteElo "1855"]
[BlackElo "2388"]
[PlyCount "94"]
[EventDate "2014.03.29"]
[EventType "swiss"]
[EventRounds "9"]

1. e4 d5 2. exd5 Nf6 3. Nc3 Nxd5 4. Bc4 c6 5. Nge2 Bg4 6. f3 Be6 7. d3 Nxc3 8.
Nxc3 Bxc4 9. dxc4 Qxd1+ 10. Nxd1 e5 11. Be3 Nd7 12. Nf2 O-O-O 13. O-O-O Bc5 14.
Rhe1 f6 15. Ne4 Bxe3+ 16. Rxe3 Nb6 17. b3 Rxd1+ 18. Kxd1 Kc7 19. Rd3 Re8 20. g3
Re7 21. a3 f5 22. Nd6 g6 23. c5 Nd5 24. c4 Nf6 25. h3 e4 26. Re3 b6 27. b4 bxc5
28. bxc5 Nd7 29. fxe4 Nxc5 30. e5 Nd7 31. c5 Rxe5 32. Ne8+ Kd8 33. Rxe5 Nxe5
34. Nf6 h5 35. Kc2 Ke7 36. Nh7 Nd7 37. Kc3 Nxc5 38. Kc4 Ne6 39. h4 Kf7 40. a4
Kg7 41. Ng5 Nxg5 42. hxg5 f4 43. gxf4 h4 44. Kc5 h3 45. Kxc6 h2 46. Kb7 h1=Q+
47. Kxa7 Qa1 0-1

[Event "Skopje MKD"]
[Site "Skopje MKD"]
[Date "2014.03.29"]
[Round "1.80"]
[White "Kojovic, Dragan"]
[Black "Emmanouilidis, Athanasios"]
[Result "1-0"]
[WhiteElo "2387"]
[BlackElo "1850"]
[PlyCount "65"]
[EventDate "2014.03.29"]
[EventType "swiss"]
[EventRounds "9"]

1. e4 c5 2. Nc3 Nc6 3. f4 g6 4. Nf3 Bg7 5. Bb5 e6 6. Bxc6 bxc6 7. e5 d5 8. exd6
Nf6 9. d3 Qxd6 10. O-O Nd7 11. Ne4 Qc7 12. Rb1 O-O 13. Qe1 Rb8 14. b3 Re8 15.
Qh4 Ba6 16. Be3 e5 17. fxe5 Nxe5 18. Bf4 Nxf3+ 19. Rxf3 Qd8 20. Bg5 Qd4+ 21.
Be3 Qd8 22. Qxd8 Rbxd8 23. Bxc5 Rd5 24. Bf2 f5 25. Nc5 Bc8 26. Kf1 Bf8 27. Na4
g5 28. Re3 Rxe3 29. Bxe3 f4 30. Bxa7 g4 31. Nb6 Rd8 32. Nxc8 Rxc8 33. Bd4 1-0

[Event "Skopje MKD"]
[Site "Skopje MKD"]
[Date "2014.03.29"]
[Round "1.81"]
[White "Peczely, Gyorgy"]
[Black "Nestorovic, Lazar"]
[Result "0-1"]
[WhiteElo "1832"]
[BlackElo "2381"]
[PlyCount "48"]
[EventDate "2014.03.29"]
[EventType "swiss"]
[EventRounds "9"]

1. d4 Nf6 2. Nf3 g6 3. g3 Bg7 4. Bg2 O-O 5. O-O d6 6. Nbd2 Nbd7 7. c3 e5 8. Qc2
Re8 9. dxe5 Nxe5 10. Nxe5 Rxe5 11. Nf3 Re8 12. Re1 Bf5 13. Qd1 Be4 14. Nd4 Bxg2
15. Kxg2 Qd7 16. e3 d5 17. b3 Ne4 18. Qc2 c5 19. Ne2 Qf5 20. Rf1 Nxg3 21. Qxf5
Nxf5 22. Ba3 b6 23. Rac1 h5 24. Rc2 Rxe3 0-1

[Event "Skopje MKD"]
[Site "Skopje MKD"]
[Date "2014.03.29"]
[Round "1.82"]
[White "Posedaru, Bogdan Stefan"]
[Black "Forsaa, Elise"]
[Result "1-0"]
[WhiteElo "2381"]
[BlackElo "1830"]
[PlyCount "45"]
[EventDate "2014.03.29"]
[EventType "swiss"]
[EventRounds "9"]

1. d4 d5 2. c4 dxc4 3. Nf3 Nf6 4. e3 b5 5. a4 b4 6. Bxc4 e6 7. O-O Be7 8. Qe2
Bb7 9. Nbd2 Nbd7 10. e4 c5 11. e5 Nd5 12. dxc5 Qc7 13. Ne4 O-O 14. Nd6 Bc6 15.
Bd2 Rab8 16. Rac1 Bxa4 17. Bxd5 exd5 18. Nd4 Nxc5 19. N4f5 Bxd6 20. exd6 Qa5
21. Qg4 g6 22. Ne7+ Kg7 23. Qd4+ 1-0

[Event "Skopje MKD"]
[Site "Skopje MKD"]
[Date "2014.03.29"]
[Round "1.83"]
[White "Konstantinov, Aleksandar"]
[Black "Ali Marandi, Cemil Can"]
[Result "0-1"]
[WhiteElo "1828"]
[BlackElo "2380"]
[PlyCount "54"]
[EventDate "2014.03.29"]
[EventType "swiss"]
[EventRounds "9"]

1. d4 d5 2. c4 c6 3. Nc3 Nf6 4. cxd5 cxd5 5. Bf4 Nc6 6. e3 a6 7. Bd3 g6 8. Qc2
Bg7 9. Nf3 O-O 10. a3 Bd7 11. O-O Rc8 12. b4 Nh5 13. Bg5 h6 14. Bh4 g5 15. Bg3
g4 16. Ne5 Nxg3 17. Nxc6 Rxc6 18. hxg3 Qc7 19. Rac1 Rc8 20. Nxd5 Rxc2 21. Nxe7+
Kf8 22. Rxc2 Qxc2 23. Bxc2 Rxc2 24. Nd5 Bc6 25. Nb6 Ke7 26. d5 Be8 27. e4 Bd4
0-1

[Event "Skopje MKD"]
[Site "Skopje MKD"]
[Date "2014.03.29"]
[Round "1.84"]
[White "Radovanovic, Dusan"]
[Black "Aydin, Kaan Ayhan"]
[Result "1-0"]
[WhiteElo "2379"]
[BlackElo "1795"]
[PlyCount "65"]
[EventDate "2014.03.29"]
[EventType "swiss"]
[EventRounds "9"]

1. d4 Nf6 2. Bg5 Ne4 3. Bf4 c5 4. f3 Qa5+ 5. c3 Nf6 6. d5 d6 7. e4 g6 8. Na3
Bg7 9. Nc4 Qd8 10. a4 Nbd7 11. Ne2 Nb6 12. Na3 Bd7 13. a5 Nc8 14. Nc4 Nh5 15.
Be3 b5 16. axb6 Nxb6 17. Na5 O-O 18. Ng3 Nxg3 19. hxg3 f5 20. Bd3 Be5 21. f4
Bg7 22. O-O Qe8 23. Re1 Na4 24. Bc1 Nb6 25. exf5 gxf5 26. Be2 Qg6 27. Kf2 Nc8
28. Bh5 Qf6 29. Bf3 Rb8 30. Nc6 Bxc6 31. Re6 Ba4 32. Rxa4 Qf7 33. Bh5 1-0

[Event "Skopje MKD"]
[Site "Skopje MKD"]
[Date "2014.03.29"]
[Round "1.85"]
[White "Jean, Ludovic"]
[Black "Maier, Christian"]
[Result "0-1"]
[WhiteElo "1786"]
[BlackElo "2376"]
[PlyCount "50"]
[EventDate "2014.03.29"]
[EventType "swiss"]
[EventRounds "9"]

1. b4 d5 2. Bb2 Qd6 3. a3 e5 4. e3 Nd7 5. Nf3 Ngf6 6. c4 c6 7. Be2 e4 8. Nd4
dxc4 9. Bxc4 Ne5 10. Be2 Bg4 11. O-O Be7 12. h3 h5 13. b5 c5 14. Nc2 Rh6 15.
Ne1 O-O-O 16. Bxe5 Qxe5 17. hxg4 hxg4 18. Bxg4+ Kb8 19. Bh3 Qxa1 20. Qb3 Qe5
21. Qxf7 Bd6 22. f4 exf3 23. Rxf3 Ne4 24. Qf5 Qh2+ 25. Kf1 Ng3+ 0-1

[Event "Skopje MKD"]
[Site "Skopje MKD"]
[Date "2014.03.29"]
[Round "1.86"]
[White "Bulmaga, Irina"]
[Black "Peev, Kosta"]
[Result "1-0"]
[WhiteElo "2375"]
[BlackElo "1786"]
[PlyCount "65"]
[EventDate "2014.03.29"]
[EventType "swiss"]
[EventRounds "9"]

1. e4 c5 2. Nf3 Nc6 3. d4 cxd4 4. Nxd4 g6 5. c4 Nf6 6. Nc3 Nxd4 7. Qxd4 d6 8.
Be2 Bg7 9. Bg5 O-O 10. Qd2 Be6 11. Rc1 Qa5 12. f3 Rfc8 13. Nd5 Qxd2+ 14. Kxd2
Bxd5 15. cxd5 h6 16. Be3 a6 17. a4 Nd7 18. b4 Bb2 19. Rc2 Rxc2+ 20. Kxc2 Be5
21. f4 Rc8+ 22. Kd3 Rc3+ 23. Kd2 Bg7 24. Rb1 Ra3 25. Rc1 Nf6 26. Bf3 Rxa4 27.
Rc8+ Bf8 28. e5 dxe5 29. fxe5 Nd7 30. Bxh6 e6 31. d6 Rxb4 32. Bxf8 Nxf8 33. Kc3
1-0

[Event "Skopje MKD"]
[Site "Skopje MKD"]
[Date "2014.03.29"]
[Round "1.87"]
[White "Gjeorgjievski, Done"]
[Black "Milenkovic, Mladen"]
[Result "0-1"]
[WhiteElo "1784"]
[BlackElo "2373"]
[PlyCount "64"]
[EventDate "2014.03.29"]
[EventType "swiss"]
[EventRounds "9"]

1. e4 c5 2. Nf3 Nc6 3. d4 cxd4 4. Nxd4 Nf6 5. Nc3 g6 6. Be3 Bg7 7. f3 O-O 8.
Qd2 d5 9. exd5 Nxd5 10. Nxc6 bxc6 11. O-O-O Bxc3 12. bxc3 Qa5 13. Qd4 Nxe3 14.
Qxe3 Qa3+ 15. Kd2 Rd8+ 16. Bd3 Bf5 17. Ke2 Bxd3+ 18. Rxd3 Qxa2 19. Qd2 Rd5 20.
Rd1 Rad8 21. Rd4 e5 22. Rd3 a5 23. Qc1 Rxd3 24. Rxd3 Rxd3 25. Kxd3 Qd5+ 26. Ke2
Qc4+ 27. Kd1 Qf1+ 28. Kd2 Qxg2+ 29. Kd3 Qxf3+ 30. Kd2 Qf4+ 31. Kd1 Qxc1+ 32.
Kxc1 f5 0-1